00939naa#a2200193#i#4500001001600000005001700016011001400033100004100047101000800088102000700096200016400103210011400267215001000381608004500391675017000436700005200606700007200658856001500730RU\\bibl\10672720260501163846.5##a2782-490X##a20251121b2025####ek#y0rusy0150####ca0#aRUS##aRU1#aФЕРОМОННЫЙ ПРЕПАРАТ АПИМИЛ ПРИ ПОДСАДКЕ МАТОК И ПОСАДКЕ РОЕВ В УЛЕЙeЖурнальная статья1#aКазаньcКазанский государственный аграрный университетd2025##a4 с.##aЖурнальная статья2local##aПривлекающие вещества (аттрактанты). 632.936.2aПчеловодство. Медоносная пчела (Apis mellifera). 638.1zRUS#1aГумеровgИлдар Рафгатович#1aТамбовцевgКонстантин Александрович4#anaukaru.ru